Normal view
MARC view
- Mediterranean Region
Entry Geographic Name
001 - CONTROL NUMBER
- control field: 11518
003 - CONTROL NUMBER IDENTIFIER
- control field: NUST
005 - DATE AND TIME OF LATEST TRANSACTION
- control field: 20180709114208.0
008 - FIXED-LENGTH DATA ELEMENTS
- fixed length control field: 180709|| aca||aabn | a|a d
040 ## - CATALOGING SOURCE
- Original cataloging agency: NUST
- Transcribing agency: NUST
151 ## - HEADING--GEOGRAPHIC NAME
- Geographic name: Mediterranean Region
- General subdivision: Description and travel.
670 ## - SOURCE DATA FOUND
- Source citation: Work cat.: (NUST)4117: Theroux, Paul. 11231, The Pillars of Hercules :, 1995.
